Capital City Superlatives - South America - Statistics

General Stats
  • This quiz has been taken 19 times
    16 since last reset
  • The average score is 13 of 16
Answer Stats
Category Capital % Correct
Most Population Buenos Aires
100%
Northernmost Caracas
100%
Easternmost Brasilia
93%
Southernmost Montevideo
93%
First Alphabetically Asuncion
87%
Highest Density Bogota
87%
Largest Area Brasilia
87%
Shortest Name Lima
87%
Least Population Paramaribo
80%
Westernmost Quito
80%
Last Alphabetically Santiago
80%
Highest Elevation La Paz
73%
Lowest Elevation Lima
60%
Lowest Density Paramaribo
60%
Smallest Area Montevideo
47%
Longest Name Montevideo
40%
No matching quizzes found
Score Distribution
Percent of People with Each Score
Percentile by Number Answered
Your Score History
You have not taken this quiz since the last reset